El recurso organizativo como base de la acción sindical (Registro nro. 34746)

Detalles MARC
000 -LEADER
fixed length control field 00343 a2200109 4500
001 - CONTROL NUMBER
control field ART_45059
005 - DATE AND TIME OF LATEST TRANSACTION
control field 20260410162039.0
008 - FIXED-LENGTH DATA ELEMENTS--GENERAL INFORMATION
fixed length control field 260409a
100 1# - MAIN ENTRY--PERSONAL NAME
Personal name Duhalde, Santiago
245 10 - TITLE STATEMENT
Title El recurso organizativo como base de la acción sindical
773 0# - HOST ITEM ENTRY
Title Estudios del trabajo
Related parts - Nº 49/50 (ene./dic. 2015)
Record control number REV44896

No hay ítems disponibles.